00628nam a2200181Ia 4500003000900000008004100009020002200050040001600072080001900088100002900107245007800136260004200214300001500256650001600271942000700287999001700294952013500311IN-BaIIA211028s9999 xx 000 0 eng d a978-3-527-41281-5 cIIA Library a523.64-52bMEI aMeierhenrich, Uwe936372 0aComets and their originbthe tools to decipher a cometcUwe Meierhenrich  aWeinheimbWiley-VCH Verlag Gmbhc2015 axxx, 320p. aComets9755 cBK c19046d19046 00104070aBANbBANcGENd2015-04-30eANJ g1279.00l0o523.64-52/ MEIp19968r2021-11-05v1279.00w2015-04-30yBKGRs. 1279.00